000 01963cam a22005054i 4500
003 PE-LiUPU
005 20250731173430.0
008 150706s r 000 0 d
020 _a9780829759815
035 _a(Sirsi) i9780829759815
040 _aPE-LiUPU
_bspa
_cPE-LiUPU
_erda
049 _aPRUA
082 0 4 _a248
_bO74
_221
100 1 _aOrtiz, Félix,
_eautor.
245 1 0 _aLíderes posmo :
_bun curso entero con los héroes de la Biblia /
_cFélix Ortiz, Annette Gullick y Tim Gullick.
264 1 _aMiami, Florida :
_bVida,
_c2012.
300 _a189 páginas ;
_c23 cm.
336 _atext
_2rdacontent
337 _aunmediated
_2rdamedia
338 _avolume
_2rdacarrier
505 0 _aAnteproyecto de planificación anual -- Guía de la guía - los elementos para diseñar una reunión -- Guía para diseñar una reunión -- Notas de orientación -- Diseños del autor -- Recetario -- El tiempo concentrado -- Campamento -- Grupo grande -- Grupo pequeño -- Acompañamiento espiritual -- Servicio.
526 _aSEG42
526 _aSEG41
526 _aSEG40
526 _aSEG39
526 _aP94
526 _aP87
526 _aP86
526 _aP85
526 _aP77
526 _aP76
526 _aP35
541 _g001-0000626;
650 0 4 _aVida cristiana.
650 0 4 _aHéroes en la biblia.
650 0 4 _aConducta de vida.
_9973
700 1 _aGullick, Annette,
_eautor.
700 1 _aGullick, Tim,
_eautor.
910 _clch
_d20130515
942 _2ddc
_cBOOK
949 _a248 O74
_wDEWEY
_c1
_i67068
_lCCODEBUL1
_mBUL
_p13.00
_r0
_sY
_tBOOK
_u2015-7-6
_xTEOLOGIA
_PP35
_o.STAFF. Colección General
994 _aC0
_bPEPRU
596 _a1
999 _a248 O74
_wDEWEY
_c54776
_i67068
_d54776
_e2018-6-15
_f2021-11-10
_g5
_lCCODEBUL1
_mBUL
_n1
_p13.00
_r0
_sY
_tBOOK
_u2015-7-6
_xTEOLOGIA
_PP35
_0COMPRA
_o.STAFF. Colección General
980 _81
_gALBERTO SANCHEZ Responsable de Automatización